Statistiken für Kader des KSC 22/23

Klicken Sie hier um das Quiz zu spielen!

Allgemein

  • Dieses Quiz wurde 25 mal gespielt
  • Das Durchschnittsergebnis liegt bei 16 aus 34

Antwortstatistiken

HintAntwort% Korrekt
TWMarius Gersbeck
86%
TrainerChristian Eichner
81%
ZMJerome Gondorf
81%
IVMarcel Franke
81%
ZMMarvin Wanitzek
81%
STMikkel Kaufmann
81%
LVPhilip Heise
81%
STFabian Schleusener
76%
ZOMPaul Nebel
67%
RVSebastian Jung
67%
IVChristoph Kobald
62%
IVDaniel Gordon
62%
ZDMLeon Jensen
62%
RVMarco Thiede
62%
TWMax Weiss
62%
STMalik Batmaz
52%
IVStephan Ambrosius
52%
TWKai Eisele
48%
ZDMTim Breithaupt
48%
RF/LFLucas Cueto
43%
STSimone Rapp
43%
ZOMKyoung-Rok Choi
38%
RFKelvin Arase
33%
IVFlorian Ballas
29%
TW TrainerMarkus Miller
29%
LFTim Rossmann
29%
IVFelix Omoruyi Irorere
19%
IVDaniel O´Shaugnessy
14%
ZMEfe-Kaan Sihlaroglu
14%
STStefano Marino
14%
Co-TrainerZlatan Bajramovic
14%
LVKilian Jakob
10%
IVLazar Mirkovic
10%
LVLuca Bolay
10%

Verteilung der Resultate

Perzentil nach korrekt beantworteten Fragen

Anzahl Personen mit jedem Resultat

Ihre Resultats-Entwicklung

Sie haben dieses Quiz noch nicht gespielt